5文字以上の駅名 - 1934年 - Statistics

General Stats
  • This quiz has been taken 14 times
  • The average score is 12 of 169
Answer Stats
駅名 事業者名 文字数 % Correct
武蔵五日市 五日市鉄道 5
60%
武蔵小金井 鉄道省 5
50%
代々木八幡 小田原急行鉄道 5
40%
成城学園前 小田原急行鉄道 5
40%
玉川学園前 小田原急行鉄道 5
40%
上総一ノ宮 鉄道省 5
30%
祖師ヶ谷大蔵 小田原急行鉄道 6
30%
和泉多摩川 小田原急行鉄道 5
30%
稲田多摩川 小田原急行鉄道 5
30%
海老名国分 小田原急行鉄道 5
30%
東林間都市 小田原急行鉄道 5
30%
中央林間都市 小田原急行鉄道 6
30%
南林間都市 小田原急行鉄道 5
30%
片瀬江ノ島 小田原急行鉄道 5
30%
村山貯水池 多摩湖鉄道 5
30%
富士見ヶ丘 帝都電鉄 5
30%
武蔵溝ノ口 南武鉄道 5
30%
越後堀之内 鉄道省 5
20%
陸前原ノ町 宮城電気鉄道 5
20%
鬼怒川温泉 下野電気鉄道 5
20%
上総大久保 小湊鉄道 5
20%
東武宇都宮 東武鉄道 5
20%
新井薬師前 西武鉄道 5
20%
石神井公園 武蔵野鉄道 5
20%
山口貯水池 武蔵野鉄道 5
20%
村山貯水池際 武蔵野鉄道 6
20%
大崎広小路 目黒蒲田電鉄 5
20%
千駄ヶ谷新田 小田原急行鉄道 6
20%
代々幡上原 小田原急行鉄道 5
20%
世田ヶ谷中原 小田原急行鉄道 6
20%
上野広小路 東京地下鉄道 5
20%
代田二丁目 帝都電鉄 5
20%
井之頭公園 帝都電鉄 5
20%
長門一ノ宮 鉄道省 5
10%
羽後四ツ屋 鉄道省 5
10%
佐久海ノ口 鉄道省 5
10%
豊前善光寺 鉄道省 5
10%
大隅大川原 鉄道省 5
10%
岩手二日町 岩手軽便鉄道 5
10%
加美中新田 仙台鉄道 5
10%
湯野浜温泉 庄内電鉄 5
10%
上州七日市 上信電気鉄道 5
10%
西八日市場 成田鉄道 5
10%
東武堀之内 東武鉄道 5
10%
村山貯水池前 西武鉄道 6
10%
多磨墓地前 西武鉄道 5
10%
稲荷山公園 武蔵野鉄道 5
10%
多摩川園前 目黒蒲田電鉄 5
10%
慶大グランド前 目黒蒲田電鉄 7
10%
横須賀軍港 湘南電気鉄道 5
10%
横須賀中央 湘南電気鉄道 5
10%
葭池温泉前 富士山麓電気鉄道 5
10%
遠州岩水寺 遠州電気鉄道 5
10%
三島広小路 駿豆鉄道 5
10%
三島二日町 駿豆鉄道 5
10%
尾張横須賀 愛知電気鉄道 5
10%
碧海西尾口 碧海電気鉄道 5
10%
桃山御陵前 奈良電気鉄道 5
10%
百舌鳥八幡 南海鉄道 5
10%
阪和天王寺 阪和電気鉄道 5
10%
阪和岸和田 阪和電気鉄道 5
10%
橿原神宮前 大阪電気軌道 5
10%
室生口大野 参宮急行電鉄 5
10%
糸島中学前 北九州鉄道 5
10%
飛驒一ノ宮 鉄道省 5
0%
東京競馬場前 鉄道省 6
0%
信濃四ツ谷 鉄道省 5
0%
備後十日市 鉄道省 5
0%
備後三日市 鉄道省 5
0%
小田原東丁 鉄道省 5
0%
岩原スキー場前 鉄道省 7
0%
岩代大久保 鉄道省 5
0%
羽後上大野 鉄道省 5
0%
伊予宮野下 鉄道省 5
0%
次郎ヶ別府 鉄道省 5
0%
上音威子府 鉄道省 5
0%
北見滝ノ上 鉄道省 5
0%
渋沢農場前 十和田鉄道 5
0%
加美一ノ関 仙台鉄道 5
0%
上州一ノ宮 上信電気鉄道 5
0%
柏競馬場前 総武鉄道 5
0%
箕輪学校前 南総鉄道 5
0%
入間川水泳場 東武鉄道 6
0%
武蔵上ノ原 五日市鉄道 5
0%
武蔵多摩川 五日市鉄道 5
0%
商大予科前 多摩湖鉄道 5
0%
小田原幸町 箱根登山鉄道 5
0%
厚木中新田口 神中鉄道 6
0%
武蔵中丸子 南武鉄道 5
0%
グランド前 南武鉄道 5
0%
多摩聖蹟口 南武鉄道 5
0%
横須賀公郷 湘南電気鉄道 5
0%
横須賀堀内 湘南電気鉄道 5
0%
相模広小路 大雄山鉄道 5
0%
寺泊海水浴 長岡鉄道 5
0%
富山田地方 富山電気鉄道 5
0%
上滝公園下 富山県営鉄道 5
0%
富山飛行場前 越中鉄道 6
0%
高等学校前 富岩鉄道 5
0%
能登一ノ宮 能登鉄道 5
0%
片山津本村 温泉電軌 5
0%
粟崎遊園前 浅野川電気鉄道 5
0%
鵜川遊泉寺 白山電気鉄道 5
0%
下新井六呂師口 京都電燈 7
0%
永平寺門前 永平寺鉄道 5
0%
新鹿沢温泉口 草津電気鉄道 6
0%
万座温泉口 草津電気鉄道 5
0%
北方千歳町 名岐鉄道 5
0%
各務補給部前 各務原鉄道 6
0%
下山波高島 富士身延鉄道 5
0%
遠州川崎町 藤相鉄道 5
0%
飛行聯隊前 浜松鉄道 5
0%
遠州島ノ郷 遠州電気鉄道 5
0%
遠州西ヶ崎 遠州電気鉄道 5
0%
遠州貴布祢 遠州電気鉄道 5
0%
神田公園前 光明電気鉄道 5
0%
長篠古城趾 鳳来寺鉄道 5
0%
ライン遊園 名岐鉄道 5
0%
結城神社前 伊勢電気鉄道 5
0%
本居神社前 伊勢電気鉄道 5
0%
伊勢八王子 三重鉄道 5
0%
伊勢二本木 中勢鉄道 5
0%
八日市中野 八日市鉄道 5
0%
奈良電小倉 奈良電気鉄道 5
0%
丹後三河内 加悦鉄道 5
0%
西天下茶屋 南海鉄道 5
0%
松尾神社前 京阪電気鉄道 5
0%
富田林西口 大阪鉄道 5
0%
応神御陵前 大阪鉄道 5
0%
大阪阿部野橋 大阪鉄道 6
0%
二上神社口 大阪鉄道 5
0%
我孫子観音前 阪和電気鉄道 6
0%
仁徳御陵前 阪和電気鉄道 5
0%
阪和中之島 阪和電気鉄道 5
0%
江井ヶ島西口 山陽電気鉄道 6
0%
六甲登山口 神戸有馬電気鉄道 5
0%
南和新庄町 南和電気鉄道 5
0%
南和御所町 南和電気鉄道 5
0%
日出紡績前 御坊臨港鉄道 5
0%
岡山競馬場前 西大寺鉄道 6
0%
女子商業前 芸備鉄道 5
0%
兵器支廠前 芸備鉄道 5
0%
被服支廠前 芸備鉄道 5
0%
両備国分寺 神高鉄道 5
0%
電車五日市 広島瓦斯電軌 5
0%
電車廿日市 広島瓦斯電軌 5
0%
沖ノ山旧鉱 宇部電気鉄道 5
0%
沖ノ山新鉱 宇部電気鉄道 5
0%
セメント町 小野田鉄道 5
0%
松島四丁目 四国水力電気 5
0%
屋島グランド前 四国水力電気 7
0%
屋島登山口 四国水力電気 5
0%
善通寺門前 琴平参宮電鉄 5
0%
多度津鶴橋 琴平参宮電鉄 5
0%
多度津桟橋通 琴平参宮電鉄 6
0%
宇多津駅前 琴平参宮電鉄 5
0%
宇多津新町 琴平参宮電鉄 5
0%
屋島神社前 屋島登山鉄道 5
0%
八栗登山口 八栗登山鉄道 5
0%
秩父ヶ浦公園前 口之津鉄道 7
0%
耶馬渓平田 耶馬渓鉄道 5
0%
耶馬渓温泉 耶馬渓鉄道 5
0%
豊前四日市 豊州鉄道 5
0%
豊前二日市 豊州鉄道 5
0%
薩摩久木野 南薩鉄道 5
0%
薩摩大崎町 南薩鉄道 5
0%
留多加駅前 樺太鉄道 5
0%
留多加本町 樺太鉄道 5
0%
大連甘井子埠頭 南満州鉄道 7
0%
No matching quizzes found
Score Distribution
Percent of People with Each Score
Percentile by Number Answered
Your Score History
You have not taken this quiz